[Event "Karlovac"]
[Site "Karlovac"]
[Date "1977.09.18"]
[Round "6"]
[White "Minic, Dragoljub"]
[Black "Piasetski, Leon"]
[Result "1-0"]
[WhiteElo "2470"]
[BlackElo "2395"]
[PlyCount "107"]
[GameId "1114898020237312"]
[EventDate "1977.09.12"]
[EventType "tourn"]
[EventRounds "13"]
[EventCountry "YUG"]
[EventCategory "5"]
[SourceTitle "EXT 2004"]
[Source "ChessBase"]
[SourceDate "2003.11.25"]
[SourceVersion "1"]
[SourceVersionDate "2003.11.25"]
[SourceQuality "1"]

1. e4 c5 2. Nf3 Nc6 3. d4 cxd4 4. Nxd4 e6 5. Nc3 a6 6. Be2 Nge7 7. Be3 b5 8. a3 Bb7 9. Nb3 Ne5 10. Qd4 N7c6 11. Qd2 d6 12. O-O Be7 13. Qe1 Qc7 14. a4 b4 15. Na2 Nd7 16. f3 Nc5 17. Nxb4 Nxb3 18. cxb3 Nxb4 19. Qxb4 d5 20. Qd2 dxe4 21. fxe4 Bd6 22. Bf4 Bxf4 23. Qxf4 Qxf4 24. Rxf4 Rd8 25. Rc1 e5 26. Rf2 f6 27. Rc7 Rd7 28. Rxd7 Kxd7 29. Bg4+ Kc6 30. Rc2+ Kb6 31. Bf3 Rd8 32. a5+ Kxa5 33. Rc7 Kb6 34. Rxg7 Rd3 35. Rxh7 Rxb3 36. h4 Rxb2 37. h5 Rd2 38. Rf7 a5 39. Rxf6+ Kc5 40. Re6 a4 41. Rxe5+ Kb6 42. Bg4 a3 43. Be6 Re2 44. h6 Rxe4 45. Rxe4 Bxe4 46. Kf2 Kc5 47. Ke3 Bh7 48. Kf4 Kd6 49. Ba2 Bc2 50. g4 Bh7 51. Kg5 Ke5 52. Kh5 Bc2 53. g5 Bd3 54. Bf7 1-0

[Event "Karlovac"]
[Site "Karlovac"]
[Date "1977.09.23"]
[Round "10"]
[White "Ligterink, Gert"]
[Black "Piasetski, Leon"]
[Result "1/2-1/2"]
[WhiteElo "2430"]
[BlackElo "2395"]
[PlyCount "63"]
[GameId "1114898020286464"]
[EventDate "1977.09.12"]
[EventType "tourn"]
[EventRounds "13"]
[EventCountry "YUG"]
[EventCategory "5"]
[SourceTitle "EXT 2004"]
[Source "ChessBase"]
[SourceDate "2003.11.25"]
[SourceVersion "1"]
[SourceVersionDate "2003.11.25"]
[SourceQuality "1"]

1. e4 c5 2. Nf3 e6 3. Nc3 a6 4. d4 cxd4 5. Nxd4 Qc7 6. Bd3 Nf6 7. O-O b5 8. Re1 Bc5 9. Nb3 Bd6 10. g3 Bb7 11. Bxb5 h5 12. Bf1 h4 13. Bg2 hxg3 14. hxg3 Nc6 15. f4 Na5 16. Nxa5 Bc5+ 17. Be3 Qxa5 18. Bf3 d5 19. exd5 Rd8 20. Qe2 Nxd5 21. Nxd5 Bxd5 22. Rad1 Bxf3 23. Qxf3 Bxe3+ 24. Rxe3 Rxd1+ 25. Qxd1 Qb6 26. Qf3 O-O 27. b3 Rd8 28. Kg2 Rd2+ 29. Re2 Rd1 30. Rf2 Ra1 31. c3 Qd8 32. c4 1/2-1/2

[Event "Virovitica"]
[Site "Virovitica"]
[Date "1977.??.??"]
[Round "3"]
[White "Kovacevic, Vlatko"]
[Black "Piasetski, Leon"]
[Result "1/2-1/2"]
[WhiteElo "2495"]
[BlackElo "2395"]
[PlyCount "82"]
[GameId "1114898023673856"]
[EventDate "1977.10.26"]
[EventType "tourn"]
[EventRounds "13"]
[EventCountry "YUG"]
[EventCategory "7"]
[SourceTitle "EXT 2004"]
[Source "ChessBase"]
[SourceDate "2003.11.25"]
[SourceVersion "1"]
[SourceVersionDate "2003.11.25"]
[SourceQuality "1"]

1. d4 e6 2. Nf3 c5 3. c4 cxd4 4. Nxd4 Nf6 5. Nc3 Bb4 6. g3 Ne4 7. Qc2 Qa5 8. Ndb5 a6 9. Qxe4 axb5 10. Qd4 O-O 11. cxb5 Qxb5 12. e4 Qa5 13. Be2 Nc6 14. Qd3 d5 15. exd5 exd5 16. O-O d4 17. Nb5 Ne5 18. Qe4 d3 19. Qxe5 dxe2 20. Qxe2 Bh3 21. Rd1 Rfd8 22. Bf4 Rxd1+ 23. Rxd1 Qxa2 24. Nc7 Rf8 25. Be5 Qa5 26. Qe4 h6 27. Qf4 Be7 28. Bc3 Qh5 29. Re1 Bg5 30. Qe5 Qg6 31. Ne8 f6 32. Qd5+ Kh7 33. Nc7 Rc8 34. Ne6 Re8 35. Re4 Rxe6 36. Rxe6 Bxe6 37. Qxe6 Qb1+ 38. Kg2 Bc1 39. Qe1 Qc2 40. b4 b5 41. h4 h5 1/2-1/2

[Event "Virovitica"]
[Site "Virovitica"]
[Date "1977.??.??"]
[Round "9"]
[White "Piasetski, Leon"]
[Black "Bertok, Mario"]
[Result "1/2-1/2"]
[WhiteElo "2395"]
[BlackElo "2425"]
[PlyCount "50"]
[GameId "1114898023854080"]
[EventDate "1977.10.26"]
[EventType "tourn"]
[EventRounds "13"]
[EventCountry "YUG"]
[EventCategory "7"]
[SourceTitle "EXT 2004"]
[Source "ChessBase"]
[SourceDate "2003.11.25"]
[SourceVersion "1"]
[SourceVersionDate "2003.11.25"]
[SourceQuality "1"]

1. c4 c5 2. Nf3 Nf6 3. Nc3 d5 4. cxd5 Nxd5 5. g3 Nc6 6. Bg2 g6 7. Qb3 e6 8. d3 Bg7 9. O-O O-O 10. Ne4 b6 11. Bg5 f6 12. Bd2 Kh8 13. Rac1 Rb8 14. a3 Bb7 15. Qa4 f5 16. Nc3 a6 17. Rfe1 Nxc3 18. bxc3 b5 19. Qc2 Rc8 20. a4 Qd7 21. axb5 axb5 22. Rb1 b4 23. cxb4 Nxb4 24. Qc4 Bd5 25. Qh4 Bxf3 1/2-1/2

[Event "Virovitica"]
[Site "Virovitica"]
[Date "1977.??.??"]
[Round "10"]
[White "Damjanovic, Mato"]
[Black "Piasetski, Leon"]
[Result "1/2-1/2"]
[WhiteElo "2430"]
[BlackElo "2395"]
[PlyCount "34"]
[GameId "1114898023870464"]
[EventDate "1977.10.26"]
[EventType "tourn"]
[EventRounds "13"]
[EventCountry "YUG"]
[EventCategory "7"]
[SourceTitle "EXT 2004"]
[Source "ChessBase"]
[SourceDate "2003.11.25"]
[SourceVersion "1"]
[SourceVersionDate "2003.11.25"]
[SourceQuality "1"]

1. e4 d6 2. d4 g6 3. Nf3 Bg7 4. Nc3 c6 5. a4 a5 6. h3 Nf6 7. Be2 O-O 8. O-O Na6 9. Re1 Nb4 10. Bf4 Ne8 11. Nb1 f5 12. e5 h6 13. c3 Nd5 14. Bc4 Nec7 15. h4 Be6 16. Bd2 Qd7 17. Na3 b5 1/2-1/2

[Event "Virovitica"]
[Site "Virovitica"]
[Date "1977.??.??"]
[Round "11"]
[White "Piasetski, Leon"]
[Black "Marangunic, Srdjan"]
[Result "1/2-1/2"]
[WhiteElo "2395"]
[BlackElo "2470"]
[PlyCount "97"]
[GameId "1114898023911424"]
[EventDate "1977.10.26"]
[EventType "tourn"]
[EventRounds "13"]
[EventCountry "YUG"]
[EventCategory "7"]
[SourceTitle "EXT 2004"]
[Source "ChessBase"]
[SourceDate "2003.11.25"]
[SourceVersion "1"]
[SourceVersionDate "2003.11.25"]
[SourceQuality "1"]

1. c4 Nf6 2. Nc3 d5 3. cxd5 Nxd5 4. g3 Nb6 5. Bg2 g6 6. d3 Bg7 7. Be3 O-O 8. Qd2 Nc6 9. Bxc6 bxc6 10. Bh6 Bxh6 11. Qxh6 f6 12. Nf3 Bg4 13. Nd2 Nd5 14. Nde4 Rb8 15. Qd2 Bh3 16. f3 e5 17. O-O-O Be6 18. d4 Qe7 19. Nc5 Nb6 20. b3 Rfd8 21. e3 a5 22. N3e4 a4 23. Qc2 axb3 24. axb3 Nd5 25. dxe5 fxe5 26. Nxe6 Qxe6 27. Nc5 Qe7 28. e4 Ne3 29. Rxd8+ Rxd8 30. Qc3 Rd4 31. Qxe3 Qxc5+ 32. Kb2 Qd6 33. Rc1 c5 34. Qc3 c4 35. bxc4 c5 36. Qa5 Rd3 37. Rc3 Qd4 38. Kb3 Rd2 39. Qa8+ Kg7 40. Qd5 Rxh2 41. f4 Re2 42. fxe5 Qxe4 43. Qxc5 Qb1+ 44. Ka4 Ra2+ 45. Ra3 Qd1+ 46. Ka5 Qd8+ 47. Ka4 Qd1+ 48. Ka5 Qd8+ 49. Ka4 1/2-1/2

[Event "Virovitica"]
[Site "Virovitica"]
[Date "1977.??.??"]
[Round "12"]
[White "Rukavina, Josip"]
[Black "Piasetski, Leon"]
[Result "1/2-1/2"]
[WhiteElo "2410"]
[BlackElo "2395"]
[PlyCount "101"]
[GameId "1114898023948288"]
[EventDate "1977.10.26"]
[EventType "tourn"]
[EventRounds "13"]
[EventCountry "YUG"]
[EventCategory "7"]
[SourceTitle "EXT 2004"]
[Source "ChessBase"]
[SourceDate "2003.11.25"]
[SourceVersion "1"]
[SourceVersionDate "2003.11.25"]
[SourceQuality "1"]

1. g3 e5 2. Bg2 d6 3. c4 g6 4. d4 Nd7 5. Nc3 Bg7 6. Nf3 Ngf6 7. O-O O-O 8. e4 c6 9. h3 Qb6 10. d5 cxd5 11. cxd5 Nc5 12. Re1 Bd7 13. Bf1 Ne8 14. Nd2 Qc7 15. b4 Nd3 16. Bxd3 Qxc3 17. Nb3 Bxh3 18. Bg5 f5 19. Rc1 Qxb4 20. Kh2 f4 21. Kxh3 h6 22. gxf4 hxg5 23. fxg5 Qb6 24. f3 Qf2 25. Rf1 Qe3 26. Qd2 Rxf3+ 27. Rxf3 Qxf3+ 28. Kh2 Bf8 29. Be2 Qf2+ 30. Kh3 Be7 31. Rf1 Qb6 32. Bg4 Ng7 33. Rf6 Bxf6 34. gxf6 Rf8 35. fxg7 Kxg7 36. Kg2 Rf4 37. Qe2 Qb4 38. Bf3 Qc3 39. Nd2 Qc2 40. a3 a6 41. Qe3 Rf7 42. Kf2 Rc7 43. Ke2 Qc3 44. Qg5 Rf7 45. Bh5 Rf6 46. Bxg6 Rxg6 47. Qe7+ Kg8 48. Qe8+ Kh7 49. Qe7+ Rg7 50. Qh4+ Kg6 51. Qg4+ 1/2-1/2

[Event "Stip"]
[Site "Stip"]
[Date "1977.11.??"]
[Round "2"]
[White "Piasetski, Leon"]
[Black "Bukic, Enver"]
[Result "1-0"]
[WhiteElo "2395"]
[BlackElo "2490"]
[PlyCount "91"]
[GameId "1114898024923136"]
[EventDate "1977.11.??"]
[EventType "tourn"]
[EventRounds "13"]
[EventCountry "YUG"]
[EventCategory "8"]
[SourceTitle "EXT 2001"]
[Source "ChessBase"]
[SourceDate "2000.11.22"]
[SourceVersion "1"]
[SourceVersionDate "2000.11.22"]
[SourceQuality "1"]

1. e4 c5 2. Nc3 d6 3. f4 Nc6 4. Nf3 g6 5. Bb5 Bg7 6. Bxc6+ bxc6 7. O-O Nh6 8. d3 f5 9. e5 O-O 10. Qe2 Rb8 11. Kh1 Nf7 12. Nd1 Qc7 13. Bd2 Nd8 14. Bc3 Ne6 15. Qd2 d5 16. Nf2 Bh6 17. Nh3 Ba6 18. Qe1 Qd7 19. Qh4 Kg7 20. b3 Rbe8 21. Bb2 d4 22. Rae1 Qd5 23. Bc1 Bc8 24. Nfg1 c4 25. bxc4 Qa5 26. a3 Qa4 27. Re2 c5 28. Rf3 Bb7 29. Rg3 Qc6 30. Nf3 Qb6 31. Nhg1 Bxf3 32. Rxf3 Qb1 33. Bd2 Qxc2 34. Rh3 Rf7 35. Qxh6+ Kg8 36. Rf3 Rb8 37. Qh3 Rb1 38. Re1 Rxe1 39. Bxe1 Qc1 40. Qg3 Qxa3 41. Rf1 Rf8 42. Qf3 a5 43. Bh4 Rf7 44. Rb1 Kg7 45. Rb7 Qc1 46. Bxe7 1-0

[Event "Stip"]
[Site "Stip"]
[Date "1977.11.??"]
[Round "3"]
[White "Quinteros, Miguel Angel"]
[Black "Piasetski, Leon"]
[Result "1/2-1/2"]
[WhiteElo "2555"]
[BlackElo "2395"]
[PlyCount "50"]
[GameId "1114898024951808"]
[EventDate "1977.11.??"]
[EventType "tourn"]
[EventRounds "13"]
[EventCountry "YUG"]
[EventCategory "8"]
[SourceTitle "EXT 2001"]
[Source "ChessBase"]
[SourceDate "2000.11.22"]
[SourceVersion "1"]
[SourceVersionDate "2000.11.22"]
[SourceQuality "1"]

1. Nf3 b6 2. g3 Bb7 3. Bg2 c5 4. O-O g6 5. c4 Bg7 6. Nc3 Nc6 7. d3 Nd4 8. Nd5 Nxf3+ 9. Bxf3 Bc6 10. e4 e6 11. Re1 Rc8 12. Rb1 d6 13. h4 Nf6 14. Bg5 O-O 15. Nc3 h6 16. Bf4 Qe7 17. Nd5 Nxd5 18. exd5 Bd7 19. Qd2 Kh7 20. dxe6 Bxe6 21. Bd5 Qd7 22. Bxe6 fxe6 23. Qe2 Rce8 24. Qg4 Rf5 25. Re2 Bd4 1/2-1/2

[Event "Stip"]
[Site "Stip"]
[Date "1977.11.??"]
[Round "4"]
[White "Piasetski, Leon"]
[Black "Rajkovic, Dusan"]
[Result "1-0"]
[WhiteElo "2395"]
[BlackElo "2495"]
[PlyCount "91"]
[GameId "1114898024980480"]
[EventDate "1977.11.??"]
[EventType "tourn"]
[EventRounds "13"]
[EventCountry "YUG"]
[EventCategory "8"]
[SourceTitle "EXT 2001"]
[Source "ChessBase"]
[SourceDate "2000.11.22"]
[SourceVersion "1"]
[SourceVersionDate "2000.11.22"]
[SourceQuality "1"]

1. c4 Nf6 2. Nc3 e5 3. Nf3 Nc6 4. e3 Bb4 5. Qc2 O-O 6. Nd5 Re8 7. Qf5 d6 8. Nxf6+ Qxf6 9. Qxf6 gxf6 10. a3 Bc5 11. b3 a5 12. Bb2 Ra6 13. O-O-O e4 14. d4 exf3 15. dxc5 fxg2 16. Rg1 Kf8 17. Bxg2 dxc5 18. Bxf6 Bf5 19. Rd5 Bg6 20. Bb2 a4 21. h4 axb3 22. h5 Bc2 23. Bh3 f6 24. Bxf6 Ne7 25. Bg7+ Kf7 26. Rxc5 Rg8 27. Rxc7 Rxa3 28. Rg3 Rxg7 29. Rxg7+ Kxg7 30. Rxe7+ Kh6 31. Rxb7 Kxh5 32. Be6 Kg5 33. f4+ Kf6 34. Bd5 Ra1+ 35. Kd2 h5 36. e4 h4 37. Rb6+ Kg7 38. e5 h3 39. Rb7+ Kg6 40. e6 Rd1+ 41. Kc3 h2 42. e7 Rd3+ 43. Kb2 Re3 44. Be6 Rxe6 45. Rb6 h1=Q 46. e8=Q+ 1-0

[Event "Stip"]
[Site "Stip"]
[Date "1977.11.??"]
[Round "5"]
[White "Ivkov, Borislav"]
[Black "Piasetski, Leon"]
[Result "1-0"]
[WhiteElo "2510"]
[BlackElo "2395"]
[PlyCount "63"]
[GameId "1114898025000960"]
[EventDate "1977.11.??"]
[EventType "tourn"]
[EventRounds "13"]
[EventCountry "YUG"]
[EventCategory "8"]
[SourceTitle "EXT 2001"]
[Source "ChessBase"]
[SourceDate "2000.11.22"]
[SourceVersion "1"]
[SourceVersionDate "2000.11.22"]
[SourceQuality "1"]

1. d4 e6 2. c4 b6 3. Nc3 Bb4 4. Qc2 Bb7 5. a3 Bxc3+ 6. Qxc3 Nf6 7. Nf3 d6 8. e3 Nbd7 9. b4 O-O 10. Bb2 Ne4 11. Qc2 Qe7 12. Bd3 f5 13. O-O Kh8 14. Rad1 Ng5 15. Nxg5 Qxg5 16. f4 Qg6 17. d5 Nf6 18. Rf3 Nh5 19. e4 Rae8 20. Rdf1 exd5 21. exf5 Qf7 22. g4 Nf6 23. g5 Ne4 24. f6 gxf6 25. Re3 Kg8 26. cxd5 f5 27. Bxe4 fxe4 28. Qc3 Re5 29. Qd4 Ba6 30. Rf2 Rxg5+ 31. Rg2 Rxg2+ 32. Kxg2 1-0

[Event "Stip"]
[Site "Stip"]
[Date "1977.11.??"]
[Round "8"]
[White "Piasetski, Leon"]
[Black "Hort, Vlastimil"]
[Result "1/2-1/2"]
[WhiteElo "2395"]
[BlackElo "2620"]
[PlyCount "30"]
[GameId "1114898025091072"]
[EventDate "1977.11.??"]
[EventType "tourn"]
[EventRounds "13"]
[EventCountry "YUG"]
[EventCategory "8"]
[SourceTitle "EXT 2001"]
[Source "ChessBase"]
[SourceDate "2000.11.22"]
[SourceVersion "1"]
[SourceVersionDate "2000.11.22"]
[SourceQuality "1"]

1. Nf3 g6 2. e4 d6 3. d4 Bg7 4. c3 Nf6 5. Bd3 O-O 6. O-O Nc6 7. Re1 Nd7 8. Be3 e5 9. Qd2 Nb6 10. h3 Qe7 11. Na3 Kh8 12. Rad1 f6 13. Nh2 exd4 14. cxd4 d5 15. exd5 Nxd5 1/2-1/2

[Event "Stip"]
[Site "Stip"]
[Date "1977.11.??"]
[Round "9"]
[White "Sofrevski, Jovan"]
[Black "Piasetski, Leon"]
[Result "1/2-1/2"]
[WhiteElo "2435"]
[BlackElo "2395"]
[PlyCount "87"]
[GameId "1114898025132032"]
[EventDate "1977.11.??"]
[EventType "tourn"]
[EventRounds "13"]
[EventCountry "YUG"]
[EventCategory "8"]
[SourceTitle "EXT 2001"]
[Source "ChessBase"]
[SourceDate "2000.11.22"]
[SourceVersion "1"]
[SourceVersionDate "2000.11.22"]
[SourceQuality "1"]

1. Nf3 b6 2. g3 Bb7 3. Bg2 c5 4. O-O g6 5. c4 Bg7 6. Nc3 Nc6 7. b3 Nd4 8. e3 Nxf3+ 9. Bxf3 Bxf3 10. Qxf3 Bxc3 11. dxc3 f5 12. e4 fxe4 13. Qxe4 Nf6 14. Qe2 O-O 15. Re1 Qc7 16. Bg5 Qc6 17. Rad1 Rae8 18. Rd3 Rf7 19. Re3 Kg7 20. Rd1 Ng8 21. Red3 d6 22. Bc1 Ref8 23. f4 Nf6 24. Re3 Qd7 25. Re1 Ng8 26. Re6 Rf6 27. Re4 Qh3 28. Be3 h5 29. Qg2 Qxg2+ 30. Kxg2 R6f7 31. a4 Nf6 32. Re6 Rb8 33. Bd2 Rb7 34. h3 Kf8 35. Rf1 Kg7 36. f5 gxf5 37. Rxf5 Rb8 38. Bg5 Ng8 39. Rd5 Rbf8 40. Rd2 Rf5 41. Bh4 R8f7 42. Ree2 Kf8 43. Rf2 Nh6 44. Rxf5 1/2-1/2

[Event "Stip"]
[Site "Stip"]
[Date "1977.11.??"]
[Round "10"]
[White "Piasetski, Leon"]
[Black "Nicevski, Risto"]
[Result "1-0"]
[WhiteElo "2395"]
[BlackElo "2435"]
[PlyCount "71"]
[GameId "1114898025144320"]
[EventDate "1977.11.??"]
[EventType "tourn"]
[EventRounds "13"]
[EventCountry "YUG"]
[EventCategory "8"]
[SourceTitle "EXT 2001"]
[Source "ChessBase"]
[SourceDate "2000.11.22"]
[SourceVersion "1"]
[SourceVersionDate "2000.11.22"]
[SourceQuality "1"]

1. c4 c5 2. Nf3 Nc6 3. e3 Nf6 4. Nc3 g6 5. d4 Bg7 6. d5 Na5 7. Be2 d6 8. e4 O-O 9. O-O e6 10. Rb1 exd5 11. cxd5 Bg4 12. b3 a6 13. a4 Bxf3 14. Bxf3 Re8 15. Qc2 Rb8 16. Bf4 c4 17. b4 Nb3 18. Be3 b5 19. axb5 axb5 20. Nxb5 Qd7 21. Qxc4 Qxb5 22. Qxb5 Rxb5 23. Rxb3 Nxe4 24. Rc1 Nc5 25. Rbb1 Nd7 26. Rc7 Nf6 27. Be2 Rbb8 28. Ba7 Ra8 29. Bf3 g5 30. h3 h5 31. g4 hxg4 32. hxg4 Ne4 33. Bxe4 Rxe4 34. b5 Rxg4+ 35. Kf1 Ra4 36. b6 1-0

[Event "Stip"]
[Site "Stip"]
[Date "1977.11.??"]
[Round "11"]
[White "Diesen, Mark C"]
[Black "Piasetski, Leon"]
[Result "1/2-1/2"]
[WhiteElo "2360"]
[BlackElo "2395"]
[PlyCount "27"]
[GameId "1114898025168896"]
[EventDate "1977.11.??"]
[EventType "tourn"]
[EventRounds "13"]
[EventCountry "YUG"]
[EventCategory "8"]
[SourceTitle "EXT 2001"]
[Source "ChessBase"]
[SourceDate "2000.11.22"]
[SourceVersion "1"]
[SourceVersionDate "2000.11.22"]
[SourceQuality "1"]

1. e4 c5 2. Nf3 Nc6 3. Bb5 e6 4. O-O Nge7 5. Nc3 Ng6 6. d4 cxd4 7. Nxd4 a6 8. Nxc6 bxc6 9. Bd3 Bc5 10. Na4 Ba7 11. c4 d6 12. c5 d5 13. f4 O-O 14. b4 1/2-1/2

[Event "Costa del Sol-18"]
[Site "Torremolinos"]
[Date "1978.??.??"]
[Round "?"]
[White "Bellon Lopez, Juan Manuel"]
[Black "Piasetski, Leon"]
[Result "1-0"]
[WhiteElo "2350"]
[BlackElo "2410"]
[PlyCount "108"]
[GameId "1340432171388928"]
[EventDate "1978.02.15"]
[EventType "tourn"]
[EventRounds "11"]
[EventCountry "ESP"]
[SourceTitle "EXT 2022"]
[Source "ChessBase"]
[SourceDate "2021.10.06"]
[SourceVersion "1"]
[SourceVersionDate "2021.10.06"]
[SourceQuality "1"]

1. e4 c5 2. Nf3 Nc6 3. d4 cxd4 4. Nxd4 Nf6 5. Nc3 e5 6. Ndb5 d6 7. Bg5 a6 8. Na3 b5 9. Bxf6 gxf6 10. Nd5 f5 11. c3 Bg7 12. Bd3 Be6 13. Qh5 O-O 14. exf5 Bxd5 15. f6 e4 16. fxg7 Re8 17. Be2 Re5 18. Qh6 Rg5 19. O-O Rxg7 20. Rad1 Be6 21. Nc2 Qe7 22. Ne3 Rd8 23. f3 d5 24. fxe4 d4 25. cxd4 Nxd4 26. Bd3 Bxa2 27. e5 Qg5 28. Bxh7+ Kh8 29. Qxg5 Rxg5 30. Bf5 Bb3 31. Rd3 Rxf5 32. Rxf5 Ne2+ 33. Kf2 Rxd3 34. Kxe2 Rd4 35. g3 Ra4 36. Rg5 Be6 37. Kd3 Rb4 38. Kc2 Re4 39. Kd3 Rb4 40. Nd1 a5 41. Nc3 Rb3 42. Kc2 Rb4 43. Ne2 Bd5 44. Nf4 Be4+ 45. Kc1 a4 46. Nh5 Rc4+ 47. Kd2 Rc2+ 48. Ke3 Bh7 49. h4 Rc8 50. Nf6 Bc2 51. h5 b4 52. h6 a3 53. bxa3 b3 54. h7 Bg6 1-0

[Event "Olympiad-23"]
[Site "Buenos Aires"]
[Date "1978.10.26"]
[Round "2"]
[White "Suba, Mihai"]
[Black "Piasetski, Leon"]
[Result "0-1"]
[WhiteElo "2430"]
[BlackElo "2410"]
[PlyCount "140"]
[GameId "1114898085052416"]
[EventDate "1978.10.25"]
[EventType "team-swiss"]
[EventRounds "14"]
[EventCountry "ARG"]
[SourceTitle "EXT 2000"]
[Source "ChessBase"]
[SourceDate "1999.11.18"]
[SourceVersion "1"]
[SourceVersionDate "1999.11.18"]
[SourceQuality "1"]
[WhiteTeam "Romania"]
[BlackTeam "Canada"]
[WhiteTeamCountry "ROU"]
[BlackTeamCountry "CAN"]

1. c4 b6 2. d4 e6 3. e4 Bb7 4. f3 Bb4+ 5. Kf2 Be7 6. Nc3 Nc6 7. Be3 e5 8. d5 Nb8 9. Nh3 Nf6 10. f4 exf4 11. Nxf4 d6 12. Be2 O-O 13. Rf1 Re8 14. Kg1 Bf8 15. Bf3 Nbd7 16. Nd3 Nc5 17. Nxc5 bxc5 18. Qd2 Nd7 19. Rf2 g6 20. Raf1 Bg7 21. Be2 Ne5 22. Nd1 a5 23. Bg5 Qb8 24. Bf6 Bxf6 25. Rxf6 Re7 26. Qg5 Qf8 27. Ne3 Bc8 28. h4 h6 29. Qg3 Qg7 30. h5 g5 31. R6f2 Bd7 32. Bd1 Rae8 33. Bc2 Rb8 34. b3 Ree8 35. Rf6 Ra8 36. Qe1 Reb8 37. Kh1 Re8 38. a3 Reb8 39. Qc3 Rb7 40. R6f2 Rb6 41. g4 Rbb8 42. Rg2 a4 43. b4 cxb4 44. axb4 a3 45. Bb3 a2 46. Bxa2 Nxg4 47. Qxg7+ Kxg7 48. Nxg4 Bxg4 49. Rxg4 Rxa2 50. Rg3 Re2 51. Rgf3 Rf8 52. c5 Rxe4 53. cxd6 cxd6 54. Rf6 Rxb4 55. Rxd6 Rh4+ 56. Kg2 Rxh5 57. Rdf6 Rh4 58. d6 Ra4 59. Kg3 Ra7 60. R6f3 Rd7 61. Rd3 Rfd8 62. Rfd1 f5 63. Kf3 h5 64. Kg3 Kf6 65. R3d2 Rc8 66. Rd5 h4+ 67. Kh3 Rc2 68. Rf1 g4+ 69. Kxh4 Rh7+ 70. Kg3 Rh3+ 0-1

[Event "Olympiad-23"]
[Site "Buenos Aires"]
[Date "1978.10.28"]
[Round "4"]
[White "Bleiman, Yaacov"]
[Black "Piasetski, Leon"]
[Result "1/2-1/2"]
[WhiteElo "2440"]
[BlackElo "2410"]
[PlyCount "61"]
[GameId "1114898086051840"]
[EventDate "1978.10.25"]
[EventType "team-swiss"]
[EventRounds "14"]
[EventCountry "ARG"]
[SourceTitle "EXT 2000"]
[Source "ChessBase"]
[SourceDate "1999.11.18"]
[SourceVersion "1"]
[SourceVersionDate "1999.11.18"]
[SourceQuality "1"]
[WhiteTeam "Israel"]
[BlackTeam "Canada"]
[WhiteTeamCountry "ISR"]
[BlackTeamCountry "CAN"]

1. d4 e6 2. Nf3 c5 3. g3 Qa5+ 4. Nc3 Nc6 5. Bg2 d5 6. O-O Nf6 7. dxc5 Bxc5 8. Nd2 Be7 9. Nb3 Qd8 10. e4 dxe4 11. Qxd8+ Kxd8 12. Nxe4 Nxe4 13. Bxe4 Kc7 14. Be3 Bd7 15. Rfd1 Rhd8 16. Nd4 Nxd4 17. Rxd4 e5 18. Rc4+ Bc6 19. b4 a6 20. a4 g6 21. Rb1 Kd7 22. Rd1+ Kc7 23. Re1 Kd7 24. Bxc6+ bxc6 25. Bb6 Rdb8 26. a5 Bd6 27. g4 Re8 28. g5 Re6 29. c3 h6 30. gxh6 Rh8 31. Bc5 1/2-1/2

[Event "Olympiad-23"]
[Site "Buenos Aires"]
[Date "1978.10.30"]
[Round "5"]
[White "Piasetski, Leon"]
[Black "Jamieson, Peter Michael"]
[Result "1-0"]
[WhiteElo "2410"]
[BlackElo "2310"]
[PlyCount "65"]
[GameId "1114898086563840"]
[EventDate "1978.10.25"]
[EventType "team-swiss"]
[EventRounds "14"]
[EventCountry "ARG"]
[SourceTitle "EXT 2000"]
[Source "ChessBase"]
[SourceDate "1999.11.18"]
[SourceVersion "1"]
[SourceVersionDate "1999.11.18"]
[SourceQuality "1"]
[WhiteTeam "Canada"]
[BlackTeam "Scotland"]
[WhiteTeamCountry "CAN"]
[BlackTeamCountry "SCO"]

1. c4 Nf6 2. Nc3 g6 3. e4 d6 4. d4 Bg7 5. f3 O-O 6. Be3 e5 7. d5 c5 8. Bd3 Nh5 9. Nge2 f5 10. exf5 gxf5 11. Qd2 Na6 12. O-O-O Bd7 13. f4 e4 14. Bb1 Nf6 15. h3 Rb8 16. g4 b5 17. cxb5 Bxb5 18. Ng3 Bd7 19. Rdg1 Qa5 20. gxf5 Nb4 21. Ngxe4 Nbxd5 22. Nxd5 Qxd2+ 23. Bxd2 Nxd5 24. f6 Nxf6 25. Bc3 Kh8 26. Rxg7 Kxg7 27. Rg1+ Kf7 28. Nxf6 Bc6 29. Nxh7 Rg8 30. Ng5+ Ke7 31. f5 Rbf8 32. f6+ Kd7 33. Bh7 1-0

[Event "New York Heraldica"]
[Site "New York"]
[Date "1980.05.13"]
[Round "3"]
[White "Piasetski, Leon"]
[Black "Gruchacz, Robert"]
[Result "1-0"]
[WhiteElo "2420"]
[BlackElo "2365"]
[PlyCount "110"]
[GameId "1114898205761536"]
[EventDate "1980.05.11"]
[EventType "tourn"]
[EventRounds "11"]
[EventCountry "USA"]
[EventCategory "8"]
[SourceTitle "EXT 2004"]
[Source "ChessBase"]
[SourceDate "2003.11.25"]
[SourceVersion "1"]
[SourceVersionDate "2003.11.25"]
[SourceQuality "1"]

1. Nf3 c5 2. c4 g6 3. d4 cxd4 4. Nxd4 Nc6 5. e4 Bg7 6. Nc2 d6 7. Be2 f5 8. exf5 Bxf5 9. O-O Nh6 10. Nd2 O-O 11. Nf3 Kh8 12. Ne3 Be6 13. Rb1 Nf5 14. Ng5 Bg8 15. Nxf5 gxf5 16. b3 h6 17. Nf3 e5 18. Ba3 Rf6 19. Qd2 d5 20. cxd5 Qxd5 21. Qxd5 Bxd5 22. Rfd1 Rd8 23. Rbc1 Rf7 24. Nh4 Nd4 25. Bh5 Rfd7 26. Be7 Ra8 27. f4 Kg8 28. Bc5 Bf7 29. Bxf7+ Rxf7 30. Bxd4 exd4 31. Rc5 b6 32. Rd5 Rc8 33. Nxf5 Rc2 34. Nxg7 Kxg7 35. R5xd4 Rxa2 36. h3 Rb2 37. R1d3 Kg6 38. Rg3+ Kh7 39. Rgd3 Kg6 40. Rd6+ Kh7 41. Rd7 Rxd7 42. Rxd7+ Kg6 43. Rxa7 Rxb3 44. Kf2 h5 45. Rd7 b5 46. Rd5 b4 47. Rb5 Kh6 48. Rb6+ Kg7 49. f5 Kf7 50. g4 Rxh3 51. g5 Rc3 52. g6+ Kg7 53. Rb7+ Kg8 54. f6 Rc8 55. Rg7+ Kh8 1-0